|
|
|
|
| LEADER |
00000cam a2200000 7i4500 |
| 001 |
0000001315 |
| 002 |
000001449 |
| 005 |
20081023.0 |
| 020 |
|
|
|a 0233987584
|
| 090 |
0 |
0 |
|a 801.95092
|b LEH
|
| 100 |
1 |
|
|a Lehman, David
|
| 245 |
1 |
0 |
|a Sign of the times :
|b deconstruction and the fall of Paul De Man
|c David Lehman
|
| 260 |
|
|
|a London :
|b Andre Deutsch ,
|c 1991
|
| 300 |
|
|
|a 318 p. ;
|c 23 cm.
|
| 600 |
1 |
0 |
|a De Man, Paul
|x Criticism,interprelation,etc
|
| 650 |
0 |
0 |
|a Literature
|x Criticism, interpretation, etc.
|
| 999 |
|
|
|a 030698
|b BUKU
|c PINJAMAN
|e PERPUSTAKAAN KOMUNITI PETALING JAYA
|
| 999 |
|
|
|a 030699
|b BUKU
|c PINJAMAN
|e PERPUSTAKAAN KOMUNITI PETALING JAYA
|